Statistics for Fictional Communist Flags #3

Click here to take the quiz!

General Stats

  • This quiz has been taken 25 times
    (12 since last reset)
  • The average score is 13 of 16

Answer Stats

Answer% Correct
Denmark
100%
Iceland
100%
Scotland
100%
Switzerland
100%
Texas
100%
Transgender
100%
United Korea
100%
Andorra
89%
Jordan
89%
Luxemborg
89%
Sweden
89%
Kurdistan
67%
Rebel Alliance
56%
Scandinavia
56%
Timor-Leste
56%
Buddhism
44%

Score Distribution

Percentile by Number Answered

Percent of People with Each Score

Your Score History

You have not taken this quiz since the last reset